Actor's With "A" in Their Name by Picture - Statistics

General Stats
  • This quiz has been taken 630 times
  • The average score is 12 of 15
Answer Stats
Picture Answer % Correct
Dwayne Johnson
97%
Keanu Reeves
90%
Ryan Reynolds
90%
Scarlett Johansson
89%
Ryan Gosling
88%
Emma Stone
85%
Zendaya
85%
Samuel L. Jackson
84%
Nicolas Cage
83%
Hugh Jackman
81%
Natalie Portman
79%
Ian McKellen
64%
Amy Adams
57%
Ewan McGregor
53%
Pedro Pascal
51%
No matching quizzes found
Score Distribution
Percent of People with Each Score
Percentile by Number Answered
Your Score History
You have not taken this quiz